| 000 | 01039cam a22002651i 4500 | ||
|---|---|---|---|
| 003 | SA-RiAUC | ||
| 005 | 20250818071557.0 | ||
| 008 | 250731s2008 ua f 00010 ara c | ||
| 040 |
_aSA-RiKAPL _bara _cSA-RiAUC _erda |
||
| 043 | _af-ua--- | ||
| 050 | 4 | _b.W34 2008 | |
| 082 | 0 | 4 | _a346.6202 |
| 090 |
_a346.6202 _b و هـ د |
||
| 100 | 1 |
_aوهدان، رضا متولي _eمؤلف. |
|
| 245 | 1 | 0 |
_aآثار انتقال العقود إلى الخلف الخاص مقارنا بالفقه الإسلامي / _cرضا متولي وهدان. |
| 264 | 1 |
_aالمنصورة، مصر : _bدار الفكر والقانون للنشر والتوزيع، _c2008 |
|
| 300 |
_a292 صفحة ؛ _c24 سم |
||
| 336 |
_aنص _btxt _2rdacontent _3كتاب |
||
| 337 |
_aبدون وسيط _bn _2rdamedia |
||
| 338 |
_aمجلد _bnc _2rdacarrier |
||
| 650 | 7 |
_aالعقود (قانون مدني) _zمصر _2aucsh |
|
| 650 | 7 |
_aالعقود (فقه إسلامي) _2aucsh |
|
| 942 |
_2ddc _cBOOK _n0 |
||
| 949 |
_aSA-JeALM _d250731 _umohamedma123 _n1 |
||
| 999 |
_c10936 _d10936 |
||